[Event "Mittelfrank Regionalliga Nord-Ost 2223"]
[Site "Mittelfranken"]
[Date "2023.03.19"]
[Round "8.7"]
[White "Steinhauer, Artur"]
[Black "Zeilinger, Erik"]
[Result "1-0"]
[WhiteElo "2015"]
[BlackElo "1756"]
[PlyCount "119"]
[EventDate "2022.10.09"]
[EventType "team-tourn"]
[EventRounds "9"]
[EventCountry "GER"]
[SourceTitle "EXT 2024"]
[Source "ChessBase"]
[SourceDate "2023.10.10"]
[SourceVersion "1"]
[SourceVersionDate "2023.10.10"]
[SourceQuality "1"]
[WhiteTeam "Regensburg Bavaria II"]
[BlackTeam "Herzogenaurach II"]
[WhiteTeamCountry "GER"]
[BlackTeamCountry "GER"]

1. e4 e5 2. Nf3 Nc6 3. Bb5 Nf6 4. d3 d6 5. c3 Bg4 6. h3 Bh5 7. 0-0 Be7 8. Re1 0-0 9. Nbd2 a6 10. Ba4 b5 11. Bc2 d5 12. Nf1 dxe4 13. dxe4 Qxd1 14. Bxd1 Rfd8 15. Ng3 Bg6 16. Bg5 Rd7 17. Bc2 Rad8 18. Nh4 Nh5 19. Bxe7 Nxe7 20. Nxg6 hxg6 21. Ne2 Rd2 22. Rac1 c5 23. Kf1 Nc6 24. Red1 Kf8 25. Rxd2 Rxd2 26. Ke1 Rd6 27. Rd1 Ke7 28. Rxd6 Kxd6 29. b3 Nf4 30. Nxf4 exf4 31. Bd3 Ke5 32. f3 Kf6 33. a4 bxa4 34. bxa4 a5 35. Bc4 Ne5 36. Bd5 Kg5 37. Bb3 Kh4 38. Kf2 Nd3+ 39. Kf1 Ne5 40. Kf2 f6 41. Bd5 Nd3+ 42. Ke2 Nb2 43. Bb3 Kg3 44. Kf1 Nd3 45. Bc4 Nf2 46. Be2 c4 47. h4 g5 48. hxg5 Nd3 49. gxf6 gxf6 50. Bxd3 cxd3 51. c4 d2 52. Ke2 Kxg2 53. c5 d1Q+ 54. Kxd1 Kxf3 55. c6 Kg2 56. c7 f3 57. c8Q f2 58. Qg4+ Kf1 59. Qh3+ Kg1 60. Ke2 1-0

[Event "Mittelfrank Regionalliga Nord-Ost 2223"]
[Site "Mittelfranken"]
[Date "2023.03.05"]
[Round "7.8"]
[White "Luther, Helmut"]
[Black "Zeilinger, Erik"]
[Result "1-0"]
[WhiteElo "1908"]
[BlackElo "1756"]
[PlyCount "49"]
[EventDate "2022.10.09"]
[EventType "team-tourn"]
[EventRounds "9"]
[EventCountry "GER"]
[SourceTitle "EXT 2024"]
[Source "ChessBase"]
[SourceDate "2023.10.10"]
[SourceVersion "1"]
[SourceVersionDate "2023.10.10"]
[SourceQuality "1"]
[WhiteTeam "Nuernberg Sued SW"]
[BlackTeam "Herzogenaurach II"]
[WhiteTeamCountry "GER"]
[BlackTeamCountry "GER"]

1. d4 Nf6 2. c4 g6 3. Nc3 d5 4. f3 Bg7 5. e4 dxc4 6. Bxc4 c6 7. Nge2 0-0 8. 0-0 b5 9. Bb3 a5 10. a3 Bb7 11. Be3 Na6 12. Rc1 Rc8 13. Qe1 Ne8 14. Qf2 Nd6 15. Rfd1 e6 16. d5 cxd5 17. exd5 exd5 18. Bxd5 Bxd5 19. Rxd5 Nc7 20. Bb6 Qe7 21. Rdd1 Nc4 22. Bc5 Qe5 23. b3 Ne6 24. Rd5 Qb8 25. bxc4 1-0

[Event "Mittelfrank Regionalliga Nord-Ost 2223"]
[Site "Mittelfranken"]
[Date "2023.01.15"]
[Round "5.5"]
[White "Zeilinger, Erik"]
[Black "Wulfmeyer, Johannes"]
[Result "1/2-1/2"]
[WhiteElo "1756"]
[BlackElo "2068"]
[PlyCount "71"]
[EventDate "2022.10.09"]
[EventType "team-tourn"]
[EventRounds "9"]
[EventCountry "GER"]
[SourceTitle "EXT 2024"]
[Source "ChessBase"]
[SourceDate "2023.10.10"]
[SourceVersion "1"]
[SourceVersionDate "2023.10.10"]
[SourceQuality "1"]
[WhiteTeam "Herzogenaurach II"]
[BlackTeam "Nuernberg Noris Tarrasch III"]
[WhiteTeamCountry "GER"]
[BlackTeamCountry "GER"]

1. d4 Nf6 2. c4 e6 3. Nc3 c5 4. d5 exd5 5. Nxd5 Nxd5 6. Qxd5 d6 7. Nf3 Be7 8. Bf4 Nc6 9. e3 Be6 10. Qd2 d5 11. Be2 dxc4 12. 0-0 Qxd2 13. Nxd2 c3 14. bxc3 Rd8 15. Rfd1 0-0 16. Bf3 Bd5 17. Bg4 Bf6 18. Bc7 Ra8 19. Nb3 Bxb3 20. axb3 Bxc3 21. Rac1 Be5 22. Bd6 Bxd6 23. Rxd6 Ne5 24. Be2 b6 25. f4 Ng6 26. Ra1 Rfe8 27. Kf2 Nf8 28. Bf3 Rad8 29. Rxd8 Rxd8 30. Rxa7 Rd2+ 31. Ke1 Rd3 32. Ke2 Rxb3 33. Bd5 Rb2+ 34. Kd3 g6 35. Rxf7 h5 36. Rf6+ 1/2-1/2

[Event "Mittelfrank Regionalliga Nord-Ost 2223"]
[Site "Mittelfranken"]
[Date "2022.10.09"]
[Round "1.7"]
[White "Zeilinger, Erik"]
[Black "Borisov, Ivaylo"]
[Result "1/2-1/2"]
[WhiteElo "1756"]
[BlackElo "1703"]
[PlyCount "105"]
[EventDate "2022.10.09"]
[EventType "team-tourn"]
[EventRounds "9"]
[EventCountry "GER"]
[SourceTitle "EXT 2024"]
[Source "ChessBase"]
[SourceDate "2023.10.10"]
[SourceVersion "1"]
[SourceVersionDate "2023.10.10"]
[SourceQuality "1"]
[WhiteTeam "Herzogenaurach II"]
[BlackTeam "Forchheim SC"]
[WhiteTeamCountry "GER"]
[BlackTeamCountry "GER"]

1. d4 d5 2. c4 c6 3. Nc3 Nf6 4. Bg5 e6 5. e3 Be7 6. Nf3 Nbd7 7. Bd3 h6 8. Bh4 0-0 9. 0-0 dxc4 10. Bxc4 b5 11. Bd3 Bb7 12. Rc1 Rc8 13. a3 a6 14. b4 Nd5 15. Bxe7 Qxe7 16. Ne4 N5f6 17. Nfd2 e5 18. Nc5 Nxc5 19. dxc5 Rcd8 20. Qe2 Bc8 21. h3 Be6 22. Rfd1 Qc7 23. Ne4 Nxe4 24. Bxe4 f5 25. Bb1 e4 26. Rc2 Rxd1+ 27. Qxd1 Bb3 28. Ba2 Bxa2 29. Rxa2 Rd8 30. Rd2 Rxd2 31. Qxd2 Kf7 32. Qd4 Qe7 33. f3 exf3 34. gxf3 Ke6 35. Kf2 Qd7 36. h4 Qxd4 37. exd4 g5 38. hxg5 hxg5 39. Ke2 Kd5 40. Kd3 g4 41. fxg4 fxg4 42. Ke3 g3 43. Kf3 Kxd4 44. Kxg3 Kc3 45. Kf4 Kb3 46. Ke5 Kxa3 47. Kd6 Kxb4 48. Kxc6 a5 49. Kb6 a4 50. c6 a3 51. c7 a2 52. c8Q a1Q 53. Qc5+ 1/2-1/2

[Event "Mittelfrank Regionalliga Nord-Ost 2122"]
[Site "Mittelfranken"]
[Date "2022.05.29"]
[Round "9.6"]
[White "Zeilinger, Erik"]
[Black "Kalous, Miroslav"]
[Result "0-1"]
[WhiteElo "1797"]
[BlackElo "1983"]
[PlyCount "98"]
[EventDate "2021.10.24"]
[EventType "team-tourn"]
[EventRounds "9"]
[EventCountry "GER"]
[SourceTitle "EXT 2024"]
[Source "ChessBase"]
[SourceDate "2023.10.10"]
[SourceVersion "1"]
[SourceVersionDate "2023.10.10"]
[SourceQuality "1"]
[WhiteTeam "Herzogenaurach II"]
[BlackTeam "Windischeschenbach"]
[WhiteTeamCountry "GER"]
[BlackTeamCountry "GER"]

1. d4 Nf6 2. c4 e6 3. Nc3 Bb4 4. Qc2 b6 5. Nf3 Bb7 6. Bg5 h6 7. Bh4 g5 8. Bg3 Ne4 9. e3 Bxc3+ 10. bxc3 d6 11. Nd2 Nxg3 12. hxg3 Nd7 13. f3 Qe7 14. Bd3 0-0-0 15. 0-0-0 f5 16. e4 f4 17. g4 c5 18. Nb3 Kb8 19. Kd2 Rc8 20. Rde1 Ba6 21. d5 Ne5 22. Kc1 Bxc4 23. Bxc4 Nxc4 24. Qe2 Ne3 25. Na1 Qf6 26. Qd2 exd5 27. exd5 Rce8 28. Nc2 Qe5 29. Re2 Re7 30. Rhe1 Rhe8 31. Qd3 Qxd5 32. Qxd5 Nxd5 33. Rxe7 Rxe7 34. Rd1 Nxc3 35. Rxd6 Nxa2+ 36. Kb2 Re2 37. Kxa2 Rxc2+ 38. Kb3 Rxg2 39. Rxh6 Rg3 40. Rg6 Rxf3+ 41. Kc4 Re3 42. Rxg5 f3 43. Rf5 Re4+ 44. Kb5 Rxg4 45. Rxf3 Kc7 46. Rf7+ Kd6 47. Rf6+ Ke5 48. Rf7 Rb4+ 49. Kc6 a5 0-1

[Event "Mittelfrank Regionalliga Nord-Ost 2122"]
[Site "Mittelfranken"]
[Date "2022.04.03"]
[Round "7.6"]
[White "Zeilinger, Erik"]
[Black "Mueller, Christian7"]
[Result "0-1"]
[WhiteElo "1797"]
[BlackElo "1930"]
[PlyCount "84"]
[EventDate "2021.10.24"]
[EventType "team-tourn"]
[EventRounds "9"]
[EventCountry "GER"]
[SourceTitle "EXT 2024"]
[Source "ChessBase"]
[SourceDate "2023.10.10"]
[SourceVersion "1"]
[SourceVersionDate "2023.10.10"]
[SourceQuality "1"]
[WhiteTeam "Herzogenaurach II"]
[BlackTeam "Nuernberg Sued SW II"]
[WhiteTeamCountry "GER"]
[BlackTeamCountry "GER"]

1. d4 d5 2. c4 e6 3. Nc3 c6 4. Nf3 dxc4 5. e4 b5 6. a4 Bb4 7. Bd2 Bxc3 8. Bxc3 Nf6 9. Qc2 a6 10. Bb4 Bb7 11. Be2 c5 12. Bxc5 Nxe4 13. axb5 Nxc5 14. dxc5 axb5 15. 0-0 Bxf3 16. Bxf3 Rxa1 17. Rxa1 Qc7 18. b3 Qxc5 19. bxc4 Qxc4 20. Qxc4 bxc4 21. Rc1 Kd7 22. Rxc4 Rc8 23. Rd4+ Ke7 24. Kf1 Nd7 25. Ke2 Ne5 26. Be4 Rc4 27. Rxc4 Nxc4 28. g4 h6 29. h4 g5 30. hxg5 hxg5 31. f3 Kf6 32. Bd3 Nb6 33. Ke3 Ke5 34. Bb5 f6 35. Ba6 Nd5+ 36. Kf2 Kf4 37. Bc8 e5 38. Bb7 Nc3 39. Bc8 Nd1+ 40. Ke2 Ne3 41. Kf2 e4 42. fxe4 Nxg4+ 0-1